<?xml version="1.0" encoding="UTF-8"?>
<record
    xmlns:xsi="http://www.w3.org/2001/XMLSchema-instance"
    xsi:schemaLocation="http://www.loc.gov/MARC21/slim http://www.loc.gov/standards/marcxml/schema/MARC21slim.xsd"
    xmlns="http://www.loc.gov/MARC21/slim">

  <leader>02707nam a2200397 i 4500</leader>
  <controlfield tag="001">193249</controlfield>
  <controlfield tag="003">SpMaBN</controlfield>
  <controlfield tag="005">20240828063033.0</controlfield>
  <controlfield tag="007">ta</controlfield>
  <controlfield tag="008">201203s2020    sp a   | |||| 000 p spa  </controlfield>
  <datafield tag="017" ind1=" " ind2=" ">
    <subfield code="a">M 8882-2020</subfield>
    <subfield code="b">Oficina Dep&#xF3;sito Legal Madrid</subfield>
  </datafield>
  <datafield tag="020" ind1=" " ind2=" ">
    <subfield code="a">9788417397913</subfield>
  </datafield>
  <datafield tag="035" ind1=" " ind2=" ">
    <subfield code="a">a6756234</subfield>
  </datafield>
  <datafield tag="040" ind1=" " ind2=" ">
    <subfield code="a">SpMaBN</subfield>
    <subfield code="b">spa</subfield>
    <subfield code="c">SpMaBN</subfield>
    <subfield code="e">rda</subfield>
  </datafield>
  <datafield tag="080" ind1=" " ind2=" ">
    <subfield code="a">821.134.2-14"19"</subfield>
  </datafield>
  <datafield tag="100" ind1="1" ind2=" ">
    <subfield code="a">Nistal, Gloria</subfield>
    <subfield code="4">aut</subfield>
    <subfield code="e">aut</subfield>
    <subfield code="9">234310</subfield>
  </datafield>
  <datafield tag="245" ind1="1" ind2="0">
    <subfield code="a">Nueve razones / </subfield>
    <subfield code="c">Gloria Nistal ; pr&#xF3;logo de Mar&#xED;a Antonia Garc&#xED;a de Le&#xF3;n</subfield>
  </datafield>
  <datafield tag="250" ind1=" " ind2=" ">
    <subfield code="a">Primera edici&#xF3;n: 2020</subfield>
  </datafield>
  <datafield tag="264" ind1=" " ind2="1">
    <subfield code="a">Madrid :</subfield>
    <subfield code="b">Sial Pigmali&#xF3;n,</subfield>
    <subfield code="c">2020</subfield>
  </datafield>
  <datafield tag="300" ind1=" " ind2=" ">
    <subfield code="a">110 p&#xE1;ginas :</subfield>
    <subfield code="b">1 ilustraci&#xF3;n (color) ;</subfield>
    <subfield code="c">21 cm</subfield>
  </datafield>
  <datafield tag="336" ind1=" " ind2=" ">
    <subfield code="a">Texto</subfield>
    <subfield code="2">rdacontent</subfield>
  </datafield>
  <datafield tag="337" ind1=" " ind2=" ">
    <subfield code="a">sin mediaci&#xF3;n</subfield>
    <subfield code="2">rdamedia</subfield>
  </datafield>
  <datafield tag="338" ind1=" " ind2=" ">
    <subfield code="a">volumen</subfield>
    <subfield code="2">rdacarrier</subfield>
  </datafield>
  <datafield tag="490" ind1="0" ind2=" ">
    <subfield code="a">Pigmali&#xF3;n poes&#xED;a ;</subfield>
    <subfield code="v">106</subfield>
  </datafield>
  <datafield tag="500" ind1=" " ind2=" ">
    <subfield code="a">&#xCD;ndice</subfield>
  </datafield>
  <datafield tag="520" ind1=" " ind2=" ">
    <subfield code="a">Nuestra Gloria Nistal es minera de la vida, arranca de la veta que encuentra el mejor metal precioso que pueda extraerle.

Como placas geol&#xF3;gicas, van discurriendo en Nueve razones, su &#xFA;ltimo libro de poemas, los estratos del coraz&#xF3;n de la autora. (&#x2026;) El primer estrato es su lidiar entre las constricciones del laboro (como dicen por aquellos pagos) y la ebriedad de viajes y l&#xED;rica, de deseo y pasi&#xF3;n. El segundo estrato son sus &#xE9;picas, las que se encuentra y registra l&#xED;ricamente aqu&#xED;, en sus poemas, en su ancho ir y venir por el mundo. A saber: su &#xE9;pica ecologista, su &#xE9;pica pacifista, su &#xE9;pica feminista, siempre en pro de las mujeres. En suma, los tres ejes en que se est&#xE1;n desenvolviendo, y se desenvolver&#xE1;n, las vanguardias del siglo xxi, y los movimientos sociales m&#xE1;s interesantes. El tercer estrato entra en el g&#xE9;nero de les confessions (dicho al modo de Rousseau).

Contra los tiempos oscuros, los valores. Ahora que el mundo cae en el estupor medi&#xE1;tico, la droga publicitaria, la masa de androides ideol&#xF3;gicos, son radicalmente necesarios unos valores bien asentados, unas certezas sabias. Nuestra poeta es una hero&#xED;na de esto que propongo de urgente necesidad. Lector/ra, atr&#xE9;vete. Conocer y leer a Gloria Nistal es un ant&#xED;doto contra los tiempos desesperanzados-desesperados que corren.</subfield>
  </datafield>
  <datafield tag="655" ind1=" " ind2="7">
    <subfield code="a">Poes&#xED;as</subfield>
    <subfield code="2">tgfbne</subfield>
    <subfield code="9">176539</subfield>
  </datafield>
  <datafield tag="700" ind1="1" ind2=" ">
    <subfield code="a">Garc&#xED;a de Le&#xF3;n, Mar&#xED;a Antonia</subfield>
    <subfield code="9">54461</subfield>
    <subfield code="e">aui</subfield>
  </datafield>
  <datafield tag="830" ind1=" " ind2=" ">
    <subfield code="9">225371</subfield>
    <subfield code="a">Poes&#xED;a Pigmali&#xF3;n</subfield>
  </datafield>
  <datafield tag="852" ind1=" " ind2=" ">
    <subfield code="a">ES-MaACL</subfield>
    <subfield code="b">154646</subfield>
    <subfield code="c">DEPOJ</subfield>
    <subfield code="9">200679</subfield>
    <subfield code="h">Donaci&#xF3;n: Gloria Nistal </subfield>
    <subfield code="j">N-9417</subfield>
    <subfield code="x">Encuadernaci&#xF3;n r&#xFA;stica con solapas</subfield>
  </datafield>
  <datafield tag="903" ind1=" " ind2=" ">
    <subfield code="a">Nistal, Gloria</subfield>
    <subfield code="e">dnr</subfield>
    <subfield code="9">234310</subfield>
  </datafield>
  <datafield tag="942" ind1=" " ind2=" ">
    <subfield code="n">0</subfield>
    <subfield code="c">MONOGRAFIA</subfield>
  </datafield>
  <datafield tag="999" ind1=" " ind2=" ">
    <subfield code="c">193249</subfield>
    <subfield code="d">193249</subfield>
  </datafield>
  <datafield tag="952" ind1=" " ind2=" ">
    <subfield code="0">0</subfield>
    <subfield code="1">0</subfield>
    <subfield code="2">udc</subfield>
    <subfield code="4">0</subfield>
    <subfield code="7">0</subfield>
    <subfield code="a">ATENEOM</subfield>
    <subfield code="b">ATENEOM</subfield>
    <subfield code="c">DEPOJ</subfield>
    <subfield code="d">2023-10-23</subfield>
    <subfield code="e">DONACION</subfield>
    <subfield code="j">1</subfield>
    <subfield code="l">0</subfield>
    <subfield code="o">N-9417</subfield>
    <subfield code="p">101205967</subfield>
    <subfield code="r">2023-10-23 00:00:00</subfield>
    <subfield code="y">MONOGRAFIA</subfield>
  </datafield>
</record>
